000 00343nam a22001217a 4500
008 180606b xxu||||| |||| 00| 0 eng d
041 _aeng
080 _a043.3
100 _a0
101 _aMBE-MTH
245 _aMenaxhimi i riskut të kredisë për sektorin e ndërmarrjeve të mesme dhe të vogla në Kosovë
_cJashanica,N
942 _2udc
_cBK
999 _c46496
_d46496